| 000 | 01243nam a2200325 a 4500 | ||
|---|---|---|---|
| 001 | 000043274 | ||
| 003 | DO-SdBNP | ||
| 005 | 20230721110245.0 | ||
| 008 | 140303s 2009 sp 000 0 spa d | ||
| 020 | _a9788483470992 | ||
| 040 |
_aDO-SdBNP _bspa _cBPMSU |
||
| 082 | 4 |
_aRD864.08 _bB742J 2009 _222 |
|
| 100 | 1 |
_a Bosch, Juan, _d1909-2001 _91 |
|
| 245 | 1 | 0 |
_aJuan Bosch / _cedición de Pablo A. Maríñez. |
| 260 |
_aMadrid : _bAgencia Española de Cooperación Internacional, _c2009. |
||
| 300 |
_a273 p. ; _c24 cm. |
||
| 490 | 0 |
_aAntología del pensamiento político, social y económico de América latina ; _aCiencia y humanismo, _v24 |
|
| 500 | _aIncluye datos biográficos del autor en la contracubierta | ||
| 504 | _aIncluye referencias bibliográficas y notas al pie de las páginas | ||
| 504 | _aBibliografía : p. 263- 273 | ||
| 590 | _6Inventariado, 2023/VM | ||
| 600 | 1 | 4 |
_aBosch, Juan _d1909-2001 _xPensamiento político y social |
| 650 | 4 |
_aEnsayos dominicanos _vColecciones |
|
| 650 | _aSociología histórica | ||
| 651 | 4 |
_aAmérica Latina _vAspectos sociopolíticos _2 |
|
| 700 | 1 |
_aMaríñez, Pablo A., _eed. |
|
| 710 | 2 | _aAgencia Española de Cooperación Internacional | |
| 910 | _avmateo | ||
| 942 |
_2ddc _cBK |
||
| 999 |
_c14439 _d14439 |
||